Agenda ambiental Belén de Umbría (Registro nro. 20008)

Detalles MARC
000 -CABECERA
Campo de control 00748nam a2200205 a 4500
005 - FECHA Y HORA DE LA ULTIMA TRANSACCION
Campo de control 20180322160055.0
008 - ELEMENTOS DE LONGITUD FIJA—INFORMACION GENERAL
Campo de control 171128| ck abdofr|||| 00| 0 spa d
040 ## - FUENTE DE CATALOGACIÓN
Agencia catalogadora original CO-BoIAVH
Agencia transcriptora CO-BoIAVH
041 ## - IDIOMA
Código de idioma para texto/pista de sonido o título separado Español
044 ## - PAÍS DE PUBLICACIÓN
País de publicación Colombia
082 ## - NUMERO DE CLASIFICACION DECIMAL DEWEY
Número de clasificación 304.2091732
Número del ítem A26b
110 2# - ASIENTO PRINCIPAL--NOMBRE CORPORATIVO
Nombre corporativo o de jurisdicción como elemento de entrada Colombia.
Unidad subordinad Contraloría General del Risaralda
9 (RLIN) 90715
245 1# - MENCION DE TITULO
Título Agenda ambiental Belén de Umbría
260 ## - PUBLICACION, DISTRIBUCION, ETC. (PIE DE IMPRENTA)
Lugar de publicación, distribución, etc. Risaralda :
Nombre del editor, distribuidor, etc. Contraloría General del Risaralda:
-- Carder,
Fecha de publicación, distribución, etc. 2012.
300 ## - DESCRIPCION FISICA
Extensión 40 páginas,
Otros detalles físicos ilustraciones, mapas, gráficas, fotografías.
Dimensiones 27 x 21 cm.
650 26 - ASIENTO SECUNDARIO DE MATERIA - TERMINO TEMATICO
Término temático o nombre geográfico como elemento de entrada Medio Ambiente
Subdivisión de forma informes
Subdivisión geográfica Colombia
9 (RLIN) 90716
650 26 - ASIENTO SECUNDARIO DE MATERIA - TERMINO TEMATICO
Término temático o nombre geográfico como elemento de entrada Informes de gestión
9 (RLIN) 17436
650 26 - ASIENTO SECUNDARIO DE MATERIA - TERMINO TEMATICO
Término temático o nombre geográfico como elemento de entrada Reservas naturales
Subdivisión geográfica Belén de Umbría
-- Colombia
9 (RLIN) 90717
942 ## - ELEMENTOS ADICIONALES (KOHA)
Sistema de clasificación Local
Tipo de ítem Folleto
Existencias
Withdrawn status Lost status Sistema de Clasificación Damaged status No para préstamo Colección Ubicación Permanente Ubicación actual Fecha de adquisición Total Checkouts Número topográfico Inventario / Código de Barras Date last seen Ejemplar Price effective from Forma de adquisición Tipo de material
    Local     Hemeroteca Bogotá Bogotá 28/11/2017   FG-0268 025649 28/11/2017 Ej. 1 28/11/2017 Donación Folleto
    Local     Hemeroteca Bogotá Bogotá 22/03/2018   FG-0268 025650 22/03/2018 Ej. 2 22/03/2018 Donación Folleto